| 000 | 01552cam a22003135 4500 | ||
|---|---|---|---|
| 001 | 190530 | ||
| 003 | SpMaBN | ||
| 005 | 20250912122411.0 | ||
| 008 | 210819s1991 sp | |||| ||spa | ||
| 080 | _a929 Roso de Luna, Mario (043.2) | ||
| 080 | _a1 Roso de Luna, Mario (043.2) | ||
| 100 | 0 |
_aCortijo Parralejo, Esteban, _d1952- _940933 |
|
| 245 | 1 | 0 |
_aVida y obra del Dr. Mario Roso de Luna (1872-1931), científico, abogado y escritor / _cEsteban Cortijo Parralejo. |
| 260 |
_aMadrid : _bEditorial de la Universidad Complutense, _c1991. |
||
| 300 |
_a414 p. ; _c22 cm. |
||
| 490 | 1 |
_aColección tesis doctorales ; _v302/91 |
|
| 502 | _aTesis-Univ. Complutense de Madrid. | ||
| 504 | _aBibliografía: p. 399-413. | ||
| 594 | _aPrecede al tít.: UCM. Facultad de Filosofía y Ciencias de la Educación. Departamento de Filosofía III: Hermenéutica y Filosofía de la Historia. | ||
| 600 | 1 | 4 |
_aRoso de Luna, Mario, _d1872-1931 _999794 |
| 600 | 1 | 4 |
_aRoso de Luna, Mario, _d1872-1931- _xCrítica e interpretación _999795 |
| 710 | 2 |
_aUniversidad Complutense de Madrid. _bFacultad de Filosofía y Ciencias de la Educación. _97123 |
|
| 830 | 1 |
_aColección tesis doctorales ; _v302/91 _9193494 |
|
| 852 | 4 |
_aES-MaACL _jA-14738 _9197708 _bR.152092 _cDEPO1 _dOlim: N-7738 _gDedicatoria autógrafa del autor _hDonación: Esteban Cortijo Parralejo _xEncuadernación en . guaflex |
|
| 903 |
_aCortijo Parralejo, Esteban, _d1952- _ednr _940933 |
||
| 942 |
_2udc _cMONOGRAFIA |
||
| 999 |
_c190530 _d190530 |
||